| 000 | 00497cam a2200193ua 4500 | ||
|---|---|---|---|
| 001 | 6570 | ||
| 005 | 20260515114053.0 | ||
| 008 | 140328n ii |||gr||||Z||||||eng | ||
| 020 | _a978-93-272-1825-1 | ||
| 040 | _cMAIN | ||
| 082 | _a651.7 | ||
| 245 |
_aBusiness communication _cBy Varinder Kumar |
||
| 260 |
_aLudhiana: _bKalyani publishers, _c2012. |
||
| 300 | _ax,12.20p. | ||
| 653 | _aOffice services | ||
| 653 | _aBusiness communication | ||
| 700 |
_aKumar,Varinder, _eAuthor., |
||
| 942 | _cBK | ||
| 999 |
_c5714 _d5714 |
||